Vyššie ceny výrobných potrieb
Poľnohospodárske družstvá v krajinách strednej a východnej Európy v procese makroekonomickej transformácie. Zhoršené podmienky podnikania. Zmena majetkových pomerov. Obsah a výsledky transformácie v ČR a SR. Uplatnenie členského a majetkového princípu.
Salvato in:
| Autore principale: | |
|---|---|
| Natura: | Capitolo di libro |
| Lingua: | slovacco |
| Soggetti: | |
| Tags: |
Nessun Tag, puoi essere il primo ad aggiungerne!!
|
MARC
| LEADER | 00000naa a2200000 4500 | ||
|---|---|---|---|
| 001 | r018900 | ||
| 005 | 20221213100031.1 | ||
| 041 | 0 | |a slo | |
| 044 | |a SK | ||
| 245 | 1 | 0 | |a Vyššie ceny výrobných potrieb |c C. Moravčík |
| 520 | |a Poľnohospodárske družstvá v krajinách strednej a východnej Európy v procese makroekonomickej transformácie. Zhoršené podmienky podnikania. Zmena majetkových pomerov. Obsah a výsledky transformácie v ČR a SR. Uplatnenie členského a majetkového princípu. | ||
| 610 | 2 | 0 | |a družstevníctvo |
| 610 | 2 | 0 | |a družstvá poľnohospodárske |
| 610 | 2 | 0 | |a stredná Európa |
| 610 | 2 | 0 | |a transformácia |
| 610 | 2 | 0 | |a Česko |
| 610 | 2 | 0 | |a Slovensko |
| 100 | 1 | |a Moravčík, C. | |